00601nam a2200169Ia 4500003000900000008004100009040001600050080001500066100001700081245015700098260003600255300000800291490004400299650002500343650004100368700002200409IN-BaIIA211028s9999 xx 000 0 eng d cIIA Library a910.4bLYO aLyons, H. G. 0aBritish (Terra Nova) antarctic expedition 1910-13bmiscllaneous datacH. G. Lyons and F. R. S. Colonel  aLondonbHarrison and Sonsc1924 a75p aBritish terra nova antarctic expedition aAntarctic Expedition aAstronomy and Astrophysics Thesaurus aColonel, F. R. S.